| 000 | 00780nam a2200253 4500 | ||
|---|---|---|---|
| 999 |
_c8579 _d8579 |
||
| 001 | 22708 | ||
| 003 | BD-DhUAP | ||
| 005 | 20250528200353.0 | ||
| 008 | 250528b2022 ny a|||| |||| 001 0aeng d | ||
| 020 | _a9789394407701 | ||
| 020 | _a9789394407718 | ||
| 040 |
_aBD-DhUAP _beng _cBD-DhUAP _dBD-DhUAP _eBD-DhUAP |
||
| 082 |
_223 _a954.092 SCO |
||
| 100 | _aCarney, scott | ||
| 245 |
_aVortex : _bThe True story of history,s deadliest storm and the liberation of Bangladesh / _cAuthors Carney, scott and Jason Miklian. |
||
| 260 |
_aNew York: _bHarper Collins; _c2022. |
||
| 300 |
_a498 page, _c24cm |
||
| 504 | _a Include Bibliography and Index. | ||
| 650 | _aHistory | ||
| 650 | _aLiberation of Bangladesh | ||
| 650 | _aVortex | ||
| 700 | _aJason Miklian . | ||
| 942 |
_2ddc _cBK |
||